000 005310000a22001810004500
003 MACL
005 20160423163546.0
008 160423b xxu||||| |||| 00| 0 eng d
040 _aMACL
_cMACL
041 _aHindi
082 _a800 NAG
100 _aप्रकाशन विभाग
_94825
245 _aजनकवि नागार्जुन
260 _bप्रकाशन विभाग
_c2004
_aनई दिल्‍ली
350 _a60
650 _aLiterature
_953743
942 _cHIN
_k800/NAG/L
_2ddc
999 _c18365
_d18365